A quoi ou qui correspond l'image - Statistiques

Statistiques générales
  • Ce quiz a été pris 119 fois
  • Le résultat moyen est 29 sur 40
Statistiques - réponses
Par images Hint Réponse % Correct
Marque Nike
99%
Fleurs Tulipes
98%
Plat Cassoulet
96%
Sport Golf
96%
Fruit Kiwi
96%
Insecte Coccinelle
95%
Les.... Dalton
94%
... Emmanuel Macron
94%
Animal Ecureuil
93%
A Londres Big Ben
92%
Compositeur Wolfgang Amadeus Mozart
92%
Boisson Bière
91%
Chat de fiction La Chat Potté
88%
Avenue Champs-Élysées
87%
Duo français Daft Punk
86%
Ancien pays URSS
85%
Planète Jupiter
83%
Pays Japon
82%
Fleuve La Loire
81%
Tennisman Roger Federer
80%
Chanteuse Shakira
79%
Finale Coupe du Monde 1998 Brésil - France
78%
Outil Clé à Molette
78%
Arme de Jedi Sabre Laser
78%
On ne sait pas trop ce qu'il est devenu Xavier Dupont de Ligonnès
77%
Sport Curling
75%
Chanteur Jacques Brel
71%
Basketteur Michael Jordan
69%
Monument Château de Chambord
66%
Ville des Etats-Unis Seattle
60%
Film Psychose
50%
Ville connue pour les Chantiers de l'Atlantique Saint-Nazaire
45%
Métier Maréchal-ferrant
42%
Lieu dans Game of Thrones Le Mur
40%
Dessin de Léonard de Vinci L'Homme de Vitruve
35%
Genre de Billard Snooker
29%
Préfecture du Cantal Aurillac
28%
Personnage de The Walking Dead Negan
26%
Stade de Foot Stade de la Beaujoire
12%
Voiture de Columbo Peugeot 403
8%
Aucun quiz correspondant
Distribution des résultats
% des personnes avec chaque résultat
Percentile par nombre de réponses
Votre historique - résultats
Vous n’avez pas pris ce quiz